000 00486nam a2200157Ia 4500
008 220214s9999 xx 000 0 und d
022 _a0002-9092
245 0 _aAMERICAN JOURNAL OF AGRICULTURAL ECONOMICS
247 _aJournal Farm Economics
260 _bAmerican Agricultural Economics Association, Ames, Iowa
_aUSA
310 _a5/y
500 _aEnding Volume & Year: 79, 1997
500 _aMissing Volume: 60(1);69(1)
500 _aStarting Volume & Year: 60, 1978
942 _cBJ
999 _c9657
_d9657